חידון מדינה - ישראל | Israel Country Quiz in Hebrew - Statistics

General Stats
  • This quiz has been taken 45 times
    44 since last reset
  • The average score is 18 of 20
Answer Stats
רמז תשובה % Correct
בירת ישראל ירושלים
100%
שפה רשמית עברית
100%
חצי אי שישראל השיבה למצרים ב-1982 חצי האי סיני
100%
שני ימים שישראל גובלת בהם הים התיכון
97%
מלחמה שישראל נלחמה בה ב-1967 מלחמת ששת הימים
97%
המטבע של ישראל שקל חדש
97%
צורה שמופיעה על הדגל מגן דוד
97%
שתי הערים המאוכלסות ביותר שיושבות על חופי ישראל תל אביב
94%
ים פנימי שהוא בעצם אגם שנמצא בגובה 430 מטר מתחת לפני הים ים המלח
94%
שני הישראלים שחלקו פרס נובל לשלום יחד עם יאסר ערפאת (ענה אחד מהם) יצחק רבין/שמעון פרס
94%
נהר בגבולה המזרחי של ישראל נהר הירדן
91%
אגם שישו הלך על מימיו (לפי הברית החדשה) הכנרת
91%
שתי הערים המאוכלסות ביותר שיושבות על חופי ישראל חיפה
89%
מלחמה שישראל נלחמה בה ב-1973 מלחמת יום כיפור
89%
שמו של בית הנבחרים הישראלי הכנסת
86%
איזור שישראל כבשה מסוריה ב-1967 רמת הגולן
83%
מדבר שמהווה את חלקה הדרומי של ישראל הנגב
83%
שני ימים שישראל גובלת בהם הים האדום
80%
סוכנות ביון החוץ של ישראל המוסד
71%
כינוי לתמיכה בהקמת בית יהודי בארץ ישראל ציונות
49%
No matching quizzes found
Score Distribution
Percent of People with Each Score
Percentile by Number Answered
Your Score History
You have not taken this quiz since the last reset